000 00868nam a2200229 4500
001 141289
003 ES-MaACL
005 20250903090035.0
007 t|
008 070920s1916 sp af |||| | spa d
100 1 _aVives y Escudero, Antonio.
_9115597
245 1 0 _aMedallas de la Casa de Borbón, de D. Amadeo I, del gobierno provisional y de la República Española /
_cpor Antonio Vives.
260 _aMadrid :
_b[s.n.],
_c1916 (
_fBlass y Cía)
300 _aXXIV, 533 p., 74 h. de lám. ;
_c28 cm.
490 1 _aCatálogo de la Real Biblioteca ;
_v4
610 2 4 _aPalacio Real (Madrid).
_bBiblioteca-
_vCatálogos.
_9143157
650 4 _aMedallas-
_zEspaña.
_9141425
710 2 _aPalacio Real (Madrid).
_bBiblioteca.
_96101
830 0 0 _aCatálogo de la Real Biblioteca
_v4
_9189465
852 _aES-MaACL
_jG-3311
999 _c141289
_d141289